América Latina: la defensa del Atlántico Sur (II)
Salvato in:
| Natura: | testo |
|---|---|
| Soggetti: | |
| Tags: |
Aggiungi Tag
Nessun Tag, puoi essere il primo ad aggiungerne!!
|
MARC
| LEADER | 00000 a a2200000 04500 | ||
|---|---|---|---|
| 001 | 17574 | ||
| 003 | |||
| 040 | |||
| 245 | |a América Latina: |b la defensa del Atlántico Sur (II) | ||
| 650 | |a ACUERDOS INTERNACIONALES | ||
| 650 | |a AMERICA DEL SUR | ||
| 773 | |g volumen 1, número 32; páginas 177 | ||
| 999 | |c 30422 |d 30422 | ||
| 773 | 0 | |0 42391 |9 3941 |a Agencia Latinoamericana de Información, ALAI |d Quito, Ecuador: ALAI |o 03981 |t ALAI: |x 08275564 (Servicio mensual de información y documentación) | |
